Laufey - How I Get Lyrics - Statistics

General Stats
  • This quiz has been taken 31 times
  • The average score is 113 of 190
Answer Stats
Answer % Correct
do
100%
don't
100%
Don't
100%
I
100%
(I
100%
smoke
96%
I'll
87%
regret
87%
things
87%
get
83%
how
83%
Human
83%
nature
83%
baby,
78%
But
78%
is
78%
just
78%
Just
78%
strange
78%
that
78%
you,
78%
you
78%
a
74%
A
74%
with
74%
shoulder
70%
that's
70%
That's
70%
know
65%
me
65%
me?
65%
bets
61%
mood
61%
swing,
61%
And
57%
so
57%
you're
57%
bad
52%
every
52%
Every
52%
feel
52%
for
52%
addiction
48%
come
48%
never
48%
At
43%
bit
43%
can
43%
corner
43%
Has
43%
least
43%
more
43%
not
43%
of
43%
rage
43%
to
43%
awful
39%
Biting
39%
chew
39%
have
39%
one
39%
than
39%
warmer
39%
cut
35%
day
35%
far-sought
35%
greedy,
35%
hungry
35%
I'm
35%
some
35%
strings
35%
What
35%
am
30%
attach
30%
blinded
30%
by
30%
caught
30%
crave
30%
dread
30%
in
30%
journey
30%
sound)
30%
up
30%
web
30%
horror
26%
need
26%
silhouette
26%
cigerettes
22%
Oh
22%
so easily
22%
tempo,
22%
around)
17%
back
17%
pendulum
17%
swings
17%
(The
17%
No matching quizzes found
Score Distribution
Percent of People with Each Score
Percentile by Number Answered
Your Score History
You have not taken this quiz